000 00241nam a22000857a 4500
999 _c11670
_d11670
008 191126b ||||| |||| 00| 0 eng d
100 _aMalhotra Satinder
_97372
245 _aNew Era Chemistry-X
260 _aNew Delhi
_bG.R Bathla Publications
_c2019